000 00412nam a2200181Ia 4500
001 10114
005 20260306161808.0
008 260306t2010||||xx |||||||||||||| ||spa||
041 _aESP
082 _aSO 893.54
_bM564
100 _aMohamed, Nadifa
_eAUT
245 0 _aLa mamba negra
260 _c2010
300 _a317 páginas :
_c23 cm.
650 _aGEN
654 _aCHU
942 _cLIB
_dJUS
_fJUS
_2ddc
_n
999 _c10114
_d10114